Kommunen im Landkreis Siegen-Wittgenstein - Statistiken

Allgemein
  • Dieses Quiz wurde 32 mal gespielt
  • Das Durchschnittsergebnis liegt bei 8 aus 11
Antwortstatistiken
Einwohnerzahl Kommune % Korrekt
102.685 Siegen
100%
23.080 Netphen
92%
30.905 Kreuztal
88%
18.400 Bad Berleburg
83%
13.148 Bad Laasphe
83%
17.355 Freudenberg
75%
6.792 Erndtebrück
71%
14.412 Hilchenbach
71%
14.553 Burbach
67%
20.039 Wilnsdorf
67%
12.705 Neunkirchen
50%
Keine übereinstimmenden Quizze gefunden
Verteilung der Resultate
Anzahl Personen mit jedem Resultat
Perzentil nach korrekt beantworteten Fragen
Ihre Resultats-Entwicklung
Sie haben dieses Quiz noch nicht gespielt